000 01290cam a2200373 i 4500
008 221102s2021 paua b 001 0 eng c
020 _a9780323661751
020 _a0323661750
050 0 0 _aRC350.P48
_bM37 2021
100 1 _aMartin, Suzanne
245 1 0 _aNeurologic interventions for physical therapy /
_cSuzanne "Tink" Martin, Mary Kessler.
250 _aFourth edition.
260 _aPhiladelphia
_bElsevier
_c2021
300 _aix, 576 pages :
_billustrations ;
650 0 _aNervous system
_xDiseases
_xPhysical therapy.
650 0 _aNervous system
_xWounds and injuries
_xPhysical therapy.
650 0 _aMotor ability.
650 0 _aPhysical therapy.
650 1 2 _aNervous System Diseases
_xrehabilitation
650 2 2 _aMotor Skills
650 2 2 _aPhysical Therapy Modalities
650 2 2 _aTrauma, Nervous System
_xrehabilitation
650 2 _aMotor Activity
650 2 _aPhysical Therapy Specialty
650 6 _aSystème nerveux
_xMaladies
_xPhysiothérapie.
650 6 _aSystème nerveux
_xLésions et blessures
_xPhysiothérapie.
650 6 _aActivité motrice.
650 6 _aPhysiothérapie.
650 7 _aPhysical therapy.
650 7 _aMotor ability.
650 7 _aNervous system
_xDiseases
_xPhysical therapy
700 1 _aKessler, Mary,
942 _cBK
999 _c2349
_d2349